[Event "XXIX CIUTAT DE CULLERA - VI Magistral"]
[Site "Cullera"]
[Date "2012.08.25"]
[Round "1"]
[White "Kovacevic, Slobodan"]
[Black "Montoliu Cervero, Francisco"]
[Result "0-1"]
[WhiteElo "2300"]
[BlackElo "2270"]
[PlyCount "114"]
[EventDate "2012.08.25"]
[EventRounds "9"]
[EventCountry "ESP"]

1. d4 Nf6 2. Nf3 e6 3. Bf4 c5 4. e3 b6 5. Nbd2 Bb7 6. Nc4 d5 7. Nce5 Nbd7 8.
Bb5 a6 9. Ng5 axb5 10. Nexf7 Qe7 11. Nd6+ Qxd6 12. Bxd6 Bxd6 13. Nxe6 Kf7 14.
Ng5+ Ke7 15. Nf3 c4 16. a3 c3 17. b4 Ra4 18. O-O Rha8 19. Ne1 Bxb4 20. Nd3 Bxa3
21. Rb1 Ba6 22. Qf3 b4 23. Rfd1 Bxd3 24. Rxd3 Bb2 25. Rdd1 Ne4 26. Qe2 Nd2 27.
f3 Nxb1 28. Rxb1 Ra1 29. Rxa1 Rxa1+ 30. Kf2 b3 31. cxb3 Nf6 32. Qd3 Rc1 33. Kg3
Ra1 34. Kh3 Ra7 35. g4 Rc7 36. Qc2 g6 37. Kg2 Ba3 38. h3 Kf7 39. e4 Ne8 40. e5
Ng7 41. Kf2 Ne6 42. Ke3 Bf8 43. f4 Bh6 44. g5 Bf8 45. h4 Ng7 46. Kd3 Ke6 47. b4
Bxb4 48. h5 Bf8 49. h6 Nf5 50. Qa4 c2 51. Qe8+ Ne7 52. f5+ gxf5 53. g6 hxg6 54.
Qxf8 c1=Q 55. Qf6+ Kd7 56. e6+ Kc8 57. h7 Rc3+ 0-1

[Event "XXIX CIUTAT DE CULLERA - VI Magistral"]
[Site "Cullera"]
[Date "2012.08.25"]
[Round "1"]
[White "Navarro, Ortiz De Orruno Borj"]
[Black "Garcia, Jhoel"]
[Result "0-1"]
[WhiteElo "2358"]
[BlackElo "2365"]
[PlyCount "136"]
[EventDate "2012.08.25"]
[EventRounds "9"]
[EventCountry "ESP"]

1. d4 Nf6 2. c4 g6 3. Nf3 Bg7 4. g3 d6 5. Bg2 O-O 6. O-O Nc6 7. Nc3 a6 8. h3
Rb8 9. Nd5 Nd7 10. e3 b5 11. Nd2 Bb7 12. cxb5 axb5 13. Nb3 e6 14. Nf4 Nb6 15.
Ne2 Nc4 16. Nd2 Qc8 17. b3 Nb6 18. Bb2 Nd8 19. Qc2 Bxg2 20. Kxg2 Qb7+ 21. Kg1
Rc8 22. Rfc1 f5 23. a4 c5 24. dxc5 Rxc5 25. Qb1 Rxc1+ 26. Qxc1 Bxb2 27. Qxb2
Nf7 28. a5 Nd5 29. a6 Qa8 30. Nd4 Ng5 31. Kh2 e5 32. Nxb5 f4 33. exf4 exf4 34.
Qd4 Ne6 35. Qe4 fxg3+ 36. fxg3 Rf2+ 37. Kg1 Ng5 38. Kxf2 Nxe4+ 39. Nxe4 Qf8+
40. Ke2 Qg7 41. Ra4 Qb2+ 42. Nd2 Qe5+ 43. Re4 Nf4+ 44. gxf4 Qxb5+ 45. Ke3 Qxa6
46. Rd4 Qc8 47. Rxd6 Qxh3+ 48. Kd4 Qg3 49. b4 Qxf4+ 50. Ne4 Qf5 51. Rd5 Qf1 52.
b5 h5 53. Kc5 Qc1+ 54. Kd6 Qf4+ 55. Re5 Qf8+ 56. Kc7 Qf7+ 57. Kd6 h4 58. Re8+
Qxe8 59. Nf6+ Kf7 60. Nxe8 h3 61. b6 h2 62. Kd7 h1=Q 63. Nd6+ Kf6 64. b7 Qb1
65. Kc7 Ke6 66. Nc4 Qc2 67. b8=Q Qxc4+ 68. Kd8 Qd5+ 0-1

[Event "XXIX CIUTAT DE CULLERA - VI Magistral"]
[Site "Cullera"]
[Date "2012.08.25"]
[Round "1"]
[White "Alcaraz Ortega, Javier"]
[Black "Iagar, Razvan-Gabriel"]
[Result "1-0"]
[WhiteElo "2331"]
[BlackElo "2152"]
[PlyCount "97"]
[EventDate "2012.08.25"]
[EventRounds "9"]
[EventCountry "ESP"]

1. d4 d5 2. Bf4 Nf6 3. e3 g6 4. h3 Bg7 5. Nf3 O-O 6. Nbd2 c5 7. c3 Qb6 8. Qb3
c4 9. Qc2 Bf5 10. Qc1 Nc6 11. g4 Bd7 12. Bg2 Rfd8 13. O-O h5 14. g5 Nh7 15. e4
Be6 16. Re1 Rac8 17. Qc2 Qb5 18. Re2 dxe4 19. Nxe4 Qf5 20. Bg3 Bd5 21. h4 Nf8
22. Rae1 Ne6 23. Kh2 Nf4 24. Nf6+ exf6 25. Qxf5 gxf5 26. Bxf4 fxg5 27. Bxg5 f6
28. Bf4 Bf8 29. Nd2 Bxg2 30. Kxg2 b5 31. Nf1 Kf7 32. Ng3 Kg6 33. Re6 Rd7 34.
Re8 Rxe8 35. Rxe8 Bg7 36. Kf3 Nd8 37. Re1 a5 38. Nf1 Bf8 39. Ne3 Nc6 40. a4
bxa4 41. Nxc4 Rb7 42. Re6 Na7 43. Ra6 a3 44. bxa3 Nb5 45. Nxa5 Rd7 46. Rc6 Bxa3
47. Nc4 Kg7 48. Rb6 Nxd4+ 49. cxd4 1-0

[Event "XXIX CIUTAT DE CULLERA - VI Magistral"]
[Site "Cullera"]
[Date "2012.08.25"]
[Round "1"]
[White "Cruz Lledo, Pablo"]
[Black "Ivanov, Jordan"]
[Result "1/2-1/2"]
[WhiteElo "2303"]
[BlackElo "2359"]
[PlyCount "114"]
[EventDate "2012.08.25"]
[EventRounds "9"]
[EventCountry "ESP"]

1. d4 d5 2. Nf3 Nf6 3. e3 e6 4. c4 dxc4 5. Bxc4 c5 6. O-O a6 7. a3 b5 8. Ba2
cxd4 9. exd4 Bb7 10. Nc3 Be7 11. Bg5 O-O 12. Qd3 Nc6 13. Rac1 Rc8 14. Rfd1 Nd5
15. Bb1 g6 16. Bh6 Nxc3 17. Rxc3 Re8 18. Qe3 Bf6 19. Bg5 Qe7 20. h4 Na5 21. Ne5
Rxc3 22. bxc3 Nc4 23. Qf4 Bxg5 24. hxg5 Rd8 25. Ng4 h5 26. gxh6 f5 27. h7+ Kh8
28. Ne5 g5 29. Qxg5 Qxg5 30. Nf7+ Kg7 31. Nxg5 Kf6 32. f4 Bxg2 33. Rd3 Bd5 34.
Rh3 Rh8 35. Ba2 Nxa3 36. Bxd5 exd5 37. Rh6+ Kg7 38. Rxa6 Nb1 39. Ra7+ Kg6 40.
Rc7 Nd2 41. Rc6+ Kh5 42. Rf6 Kg4 43. Rh6 Nf3+ 44. Nxf3 Kxf3 45. Rh4 Kg3 46. Rh5
Kxf4 47. Kf2 Ke4 48. Rh3 f4 49. Ke2 b4 50. cxb4 Kxd4 51. Kf3 Kc4 52. Kxf4 Kxb4
53. Ke5 Kc4 54. Rh4+ Kc5 55. Rh1 d4 56. Rc1+ Kb4 57. Kxd4 Rxh7 1/2-1/2

[Event "XXIX CIUTAT DE CULLERA - VI Magistral"]
[Site "Cullera"]
[Date "2012.08.25"]
[Round "1"]
[White "Navarrete Espi, Samuel"]
[Black "Camarena Gimenez, Rufino"]
[Result "0-1"]
[WhiteElo "2176"]
[BlackElo "2396"]
[PlyCount "92"]
[EventDate "2012.08.25"]
[EventRounds "9"]
[EventCountry "ESP"]

1. e4 e6 2. d4 d5 3. Nc3 Nf6 4. e5 Nfd7 5. f4 c5 6. Nf3 Nc6 7. Be3 Be7 8. Qd2
O-O 9. Be2 b6 10. O-O f5 11. exf6 Nxf6 12. Rad1 Ng4 13. Kh1 Nxe3 14. Qxe3 Qd6
15. Bb5 cxd4 16. Nxd4 Nxd4 17. Qxd4 Qc5 18. Qd2 Bf6 19. Bd3 Bd7 20. Ne2 Bxb2
21. c3 Ba3 22. Qc2 h6 23. Nd4 Qe7 24. Rde1 Qf6 25. Qb3 Bd6 26. f5 Qh4 27. Nf3
Qh5 28. h3 Bg3 29. Re3 Rxf5 30. Bxf5 Qxf5 31. Qb1 Qxb1 32. Rxb1 Rc8 33. Nd4 Bf4
34. Rf3 e5 35. Ne2 Bf5 36. Rd1 Bc2 37. Rxd5 Be4 38. Nxf4 exf4 39. Rfd3 Bxd5 40.
Rxd5 Rxc3 41. a4 f3 42. gxf3 Rxf3 43. Kg2 Ra3 44. Rd4 Kh7 45. Rf4 Kg6 46. h4
Kh5 0-1

[Event "XXIX CIUTAT DE CULLERA - VI Magistral"]
[Site "Cullera"]
[Date "2012.08.26"]
[Round "2"]
[White "Montoliu Cervero, Francisco"]
[Black "Camarena Gimenez, Rufino"]
[Result "1-0"]
[WhiteElo "2270"]
[BlackElo "2396"]
[PlyCount "57"]
[EventDate "2012.08.25"]
[EventRounds "9"]
[EventCountry "ESP"]

1. e4 e6 2. d4 d5 3. e5 c5 4. c3 Nc6 5. Nf3 Qb6 6. a3 Bd7 7. b4 cxd4 8. cxd4
Rc8 9. Bb2 Na5 10. Nbd2 Nc4 11. Nxc4 dxc4 12. Rc1 a5 13. Nd2 axb4 14. Nxc4 Qd8
15. axb4 b5 16. Nd6+ Bxd6 17. exd6 Nf6 18. Rc5 O-O 19. Bd3 Nd5 20. Qd2 Qb6 21.
O-O Qxd6 22. Rfc1 Ra8 23. Be4 Ra2 24. Bxd5 exd5 25. Qc3 Re8 26. Qb3 Qg6 27.
Qxa2 Bh3 28. Qxd5 h6 29. Qf3 1-0

[Event "XXIX CIUTAT DE CULLERA - VI Magistral"]
[Site "Cullera"]
[Date "2012.08.26"]
[Round "2"]
[White "Ivanov, Jordan"]
[Black "Navarrete Espi, Samuel"]
[Result "1/2-1/2"]
[WhiteElo "2359"]
[BlackElo "2176"]
[PlyCount "84"]
[EventDate "2012.08.25"]
[EventRounds "9"]
[EventCountry "ESP"]

1. d4 Nf6 2. c4 g6 3. Nc3 Bg7 4. e4 d6 5. Nf3 O-O 6. Be2 e5 7. d5 a5 8. h3 Na6
9. Bg5 h6 10. Be3 c6 11. Nd2 cxd5 12. cxd5 Bd7 13. a3 Ne8 14. Nc4 b5 15. Nb6
Rb8 16. Nxd7 Qxd7 17. a4 b4 18. Bxa6 bxc3 19. bxc3 f5 20. Bb5 Qc7 21. c4 Nf6
22. f3 fxe4 23. O-O exf3 24. Qxf3 Rf7 25. Qg3 Kh7 26. Qh4 Rbf8 27. Bc6 Nh5 28.
Rxf7 Qxf7 29. Qg4 Nf4 30. Rb1 h5 31. Qd7 Ne2+ 32. Kh2 Qf6 33. Rb7 e4 34. Qe7
Kg8 35. Qe6+ Kh8 36. Rxg7 Kxg7 37. c5 h4 38. cxd6 Qa1 39. d7 Ng3 40. Qe7+ Rf7
41. Bd4+ Qxd4 42. d8=Q Nf1+ 1/2-1/2

[Event "XXIX CIUTAT DE CULLERA - VI Magistral"]
[Site "Cullera"]
[Date "2012.08.26"]
[Round "2"]
[White "Iagar, Razvan-Gabriel"]
[Black "Cruz Lledo, Pablo"]
[Result "0-1"]
[WhiteElo "2152"]
[BlackElo "2303"]
[PlyCount "128"]
[EventDate "2012.08.25"]
[EventRounds "9"]
[EventCountry "ESP"]

1. d4 d5 2. c4 c6 3. cxd5 cxd5 4. Nf3 Nf6 5. Nc3 a6 6. Bf4 Nc6 7. Rc1 Bf5 8. e3
e6 9. Qb3 Ra7 10. Ne5 Nxe5 11. Bxe5 Nd7 12. Bg3 Be7 13. Be2 O-O 14. O-O b5 15.
a4 b4 16. Na2 a5 17. Bd3 Nf6 18. Bxf5 exf5 19. Qd3 Ne4 20. Rc2 h5 21. Rfc1 Nxg3
22. hxg3 g6 23. Rc6 Kg7 24. Qb5 Rh8 25. Qb6 Qd7 26. b3 h4 27. gxh4 Bxh4 28. Rc7
Rxc7 29. Qxc7 Qe8 30. Qe5+ Qxe5 31. dxe5 Rd8 32. g3 Be7 33. Rc7 Kf8 34. Nc1 d4
35. exd4 Rxd4 36. Rc8+ Kg7 37. Kf1 g5 38. Rc7 Bd8 39. Rc5 g4 40. Ke2 Re4+ 41.
Kf1 Rd4 42. Ke2 Re4+ 43. Kf1 f4 44. gxf4 Rxf4 45. Nd3 Rd4 46. Ke2 Re4+ 47. Kf1
Kf8 48. Rd5 Ke7 49. Nc5 Rf4 50. Ke2 Bb6 51. Nd3 Re4+ 52. Kd2 Rd4 53. Rb5 Bc7
54. Ke3 Rd8 55. Rb7 Kd7 56. Rb5 Kc6 57. Rc5+ Kb7 58. Ke4 Bb6 59. Rd5 Kc6 60.
Rxd8 Bxd8 61. Kd4 Bb6+ 62. Ke4 Ba7 63. Kf5 Kd5 64. Kf6 Ke4 0-1

[Event "XXIX CIUTAT DE CULLERA - VI Magistral"]
[Site "Cullera"]
[Date "2012.08.26"]
[Round "2"]
[White "Garcia, Jhoel"]
[Black "Alcaraz Ortega, Javier"]
[Result "1/2-1/2"]
[WhiteElo "2365"]
[BlackElo "2331"]
[PlyCount "59"]
[EventDate "2012.08.25"]
[EventRounds "9"]
[EventCountry "ESP"]

1. g3 d5 2. Bg2 c6 3. d4 Bf5 4. Nf3 Nd7 5. b3 e6 6. Bb2 Ngf6 7. O-O Be7 8. c4
O-O 9. Nc3 Ne4 10. Nd2 Nxc3 11. Bxc3 Nf6 12. a4 a5 13. Re1 Qb6 14. c5 Qd8 15.
b4 b6 16. Rc1 axb4 17. Bxb4 Qb8 18. Qb3 bxc5 19. Bxc5 Bxc5 20. Rxc5 Qxb3 21.
Nxb3 Rxa4 22. Rxc6 Rb4 23. Rc3 g5 24. e3 Rfb8 25. Nc5 Rb2 26. h3 Ra2 27. Rb3
Rxb3 28. Nxb3 Be4 29. Nc5 Bxg2 30. Kxg2 1/2-1/2

[Event "XXIX CIUTAT DE CULLERA - VI Magistral"]
[Site "Cullera"]
[Date "2012.08.26"]
[Round "2"]
[White "Kovacevic, Slobodan"]
[Black "Navarro, Ortiz De Orruno Borj"]
[Result "1-0"]
[WhiteElo "2300"]
[BlackElo "2358"]
[PlyCount "125"]
[EventDate "2012.08.25"]
[EventRounds "9"]
[EventCountry "ESP"]

1. d4 e6 2. Nf3 Nf6 3. Bf4 c5 4. e3 Qb6 5. Qc1 Nc6 6. c3 Nh5 7. Bg3 Nxg3 8.
hxg3 d5 9. Qc2 h6 10. Nbd2 cxd4 11. exd4 Be7 12. Be2 Bd7 13. O-O O-O 14. b4 Qc7
15. Rac1 a6 16. a3 Na7 17. a4 Rac8 18. Qb3 Qd8 19. Ne5 Qe8 20. Ra1 Nc6 21. Nd3
b6 22. Rfe1 Qd8 23. f4 Bd6 24. Ne5 a5 25. b5 Nxe5 26. fxe5 Be7 27. Nf3 Rc7 28.
Rac1 Bc8 29. Bd3 f5 30. exf6 Bxf6 31. Bb1 g5 32. Qc2 Qd6 33. Ne5 Bxe5 34. Rxe5
Rf6 35. Rf1 Rxf1+ 36. Kxf1 Qf8+ 37. Kg1 Qf6 38. Qd2 Rf7 39. Bd3 Rc7 40. Qe3 Kg7
41. Be2 Kg8 42. Bg4 Kf7 43. Be2 Kg7 44. Qd2 Rf7 45. Qe1 Rc7 46. Re3 Rf7 47. Bh5
Rf8 48. Rf3 Qd8 49. Qe5+ Kg8 50. Rxf8+ Kxf8 51. Qh8+ Ke7 52. Qg7+ Kd6 53. Qxh6
Qe7 54. Qh8 Kc7 55. Qe5+ Kb7 56. Bg6 Qa3 57. Be8 Qe7 58. Bc6+ Ka7 59. Bxd5 Qh7
60. Be4 Qe7 61. c4 Bb7 62. Bxb7 Qxb7 63. c5 1-0

[Event "XXIX CIUTAT DE CULLERA - VI Magistral"]
[Site "Cullera"]
[Date "2012.08.26"]
[Round "3"]
[White "Navarro, Ortiz De Orruno Borj"]
[Black "Montoliu Cervero, Francisco"]
[Result "1/2-1/2"]
[WhiteElo "2358"]
[BlackElo "2270"]
[PlyCount "39"]
[EventDate "2012.08.25"]
[EventRounds "9"]
[EventCountry "ESP"]

1. d4 Nf6 2. c4 e6 3. Nf3 b6 4. g3 Ba6 5. Nbd2 d5 6. cxd5 exd5 7. Bg2 Bb7 8.
O-O Bd6 9. b3 Nbd7 10. Bb2 Qe7 11. Nh4 Qe6 12. Nc4 Ne4 13. Nxd6+ Nxd6 14. Rc1
Rc8 15. Nf3 O-O 16. e3 Ne4 17. Qe2 Rfd8 18. Rfd1 a5 19. Rc2 c6 20. Rdc1 1/2-1/2

[Event "XXIX CIUTAT DE CULLERA - VI Magistral"]
[Site "Cullera"]
[Date "2012.08.26"]
[Round "3"]
[White "Alcaraz Ortega, Javier"]
[Black "Kovacevic, Slobodan"]
[Result "1/2-1/2"]
[WhiteElo "2331"]
[BlackElo "2300"]
[PlyCount "38"]
[EventDate "2012.08.25"]
[EventRounds "9"]
[EventCountry "ESP"]

1. Nf3 c5 2. c4 Nf6 3. g3 b6 4. Bg2 Bb7 5. O-O e6 6. Nc3 d6 7. d4 cxd4 8. Qxd4
a6 9. b3 Nbd7 10. Rd1 Qc7 11. e4 Rc8 12. Ba3 Nc5 13. e5 dxe5 14. Qxe5 Ncd7 15.
Qxc7 Rxc7 16. Bxf8 Rxf8 17. Rd3 Ke7 18. Rad1 Rfc8 19. Nd2 Nc5 1/2-1/2

[Event "XXIX CIUTAT DE CULLERA - VI Magistral"]
[Site "Cullera"]
[Date "2012.08.26"]
[Round "3"]
[White "Cruz Lledo, Pablo"]
[Black "Garcia, Jhoel"]
[Result "0-1"]
[WhiteElo "2303"]
[BlackElo "2365"]
[PlyCount "128"]
[EventDate "2012.08.25"]
[EventRounds "9"]
[EventCountry "ESP"]

1. d4 Nf6 2. Nf3 g6 3. Bg5 Ne4 4. Bf4 c5 5. Nbd2 Nxd2 6. Qxd2 Qb6 7. O-O-O Bg7
8. Qc3 O-O 9. dxc5 Qe6 10. Qb3 Qf5 11. Bxb8 Rxb8 12. Rd5 Qf6 13. e4 d6 14. cxd6
Be6 15. dxe7 Qxe7 16. Bc4 Bxd5 17. Bxd5 b5 18. h4 h6 19. Re1 Qc5 20. Qe3 Qc7
21. h5 g5 22. Re2 Rb6 23. g3 Rc8 24. Ne1 Qd7 25. f4 Qh3 26. e5 Re8 27. Qf3 g4
28. Qa3 a6 29. Qe3 Rbb8 30. Nd3 Qxh5 31. Qe4 Kh8 32. f5 Qg5+ 33. Kb1 Rbd8 34.
Rf2 Rd7 35. a3 Red8 36. Nf4 Re7 37. e6 Qf6 38. c3 Qe5 39. Qxe5 Bxe5 40. exf7
Bxf4 41. Rxf4 h5 42. f6 Re5 43. Bb3 Kh7 44. Rd4 Re1+ 45. Ka2 Rf8 46. Rd6 Re3
47. Rxa6 Rxg3 48. Bd5 Kg6 49. Rb6 Rf3 50. Be4+ Kxf7 51. Bxf3 gxf3 52. Rxb5 Kg6
53. Rd5 Rxf6 54. Rd1 Kf5 55. a4 Ke4 56. b4 f2 57. Rf1 Kd3 58. Kb2 Ke2 59. Rh1
f1=Q 60. Rxf1 Kxf1 61. b5 h4 62. a5 h3 63. b6 h2 64. b7 Rf8 0-1

[Event "XXIX CIUTAT DE CULLERA - VI Magistral"]
[Site "Cullera"]
[Date "2012.08.26"]
[Round "3"]
[White "Navarrete Espi, Samuel"]
[Black "Iagar, Razvan-Gabriel"]
[Result "1/2-1/2"]
[WhiteElo "2176"]
[BlackElo "2152"]
[PlyCount "70"]
[EventDate "2012.08.25"]
[EventRounds "9"]
[EventCountry "ESP"]

1. e4 e6 2. d4 d5 3. Nc3 Nf6 4. e5 Nfd7 5. f4 c5 6. Nf3 Nc6 7. Be3 a6 8. Qd2 b5
9. h4 Qb6 10. h5 h6 11. g4 cxd4 12. Nxd4 Nxd4 13. Bxd4 Bc5 14. O-O-O Bxd4 15.
Qxd4 Qxd4 16. Rxd4 Bb7 17. Bg2 Ke7 18. Rhd1 Nb6 19. Ne2 Rhg8 20. Rf1 Rac8 21.
f5 Nd7 22. Nf4 Nxe5 23. fxe6 fxe6 24. Re1 Kd6 25. Rd2 Rge8 26. Rde2 Rc4 27.
Rxe5 Rxf4 28. g5 hxg5 29. Rxg5 Re7 30. Bh3 Bc6 31. Rg6 Bd7 32. Reg1 Rh4 33. Bg4
Be8 34. Rg5 Rh2 35. Bd1 Rh3 1/2-1/2

[Event "XXIX CIUTAT DE CULLERA - VI Magistral"]
[Site "Cullera"]
[Date "2012.08.26"]
[Round "3"]
[White "Camarena Gimenez, Rufino"]
[Black "Ivanov, Jordan"]
[Result "1/2-1/2"]
[WhiteElo "2396"]
[BlackElo "2359"]
[PlyCount "62"]
[EventDate "2012.08.25"]
[EventRounds "9"]
[EventCountry "ESP"]

1. d4 Nf6 2. c4 d6 3. Nc3 Bf5 4. f3 e5 5. e4 exd4 6. Qxd4 Nc6 7. Qd2 Be6 8. b3
g6 9. Bb2 Bg7 10. Nge2 O-O 11. Nd5 a5 12. Nef4 a4 13. b4 a3 14. Bc3 Ne5 15. Be2
g5 16. Nxe6 fxe6 17. Nxf6+ Qxf6 18. O-O g4 19. f4 Nxc4 20. Bxc4 Qxc3 21. Bxe6+
Kh8 22. Qxc3 Bxc3 23. Rac1 Bd4+ 24. Kh1 Rae8 25. Bxg4 Rxe4 26. Rxc7 Rexf4 27.
Bf3 Bb6 28. Rxb7 Rxb4 29. Re1 Bc5 30. Ree7 Rxb7 31. Rxb7 h5 1/2-1/2

[Event "XXIX CIUTAT DE CULLERA - VI Magistral"]
[Site "Cullera"]
[Date "2012.08.27"]
[Round "4"]
[White "Iagar, Razvan-Gabriel"]
[Black "Camarena Gimenez, Rufino"]
[Result "1/2-1/2"]
[WhiteElo "2152"]
[BlackElo "2396"]
[PlyCount "94"]
[EventDate "2012.08.25"]
[EventRounds "9"]
[EventCountry "ESP"]

1. d4 Nf6 2. c4 g6 3. Nc3 Bg7 4. e4 d6 5. Nf3 O-O 6. h3 e5 7. dxe5 dxe5 8. Qxd8
Rxd8 9. Bg5 c6 10. Nxe5 Re8 11. O-O-O Na6 12. Nf3 Nc5 13. Nd2 h6 14. Be3 Nfxe4
15. Ndxe4 Nxe4 16. Nxe4 Rxe4 17. Rd8+ Kh7 18. Bd3 Re6 19. Bc2 Bf6 20. Rd2 Re8
21. Rhd1 Be6 22. Bd3 a5 23. g4 a4 24. a3 Kg7 25. Be2 Be7 26. Rg1 Reb8 27. Bf4
Rc8 28. Kb1 Bg5 29. Be5+ f6 30. Rd6 fxe5 31. Rxe6 Rd8 32. Rd1 Rxd1+ 33. Bxd1
Rd8 34. Bxa4 Bf6 35. c5 Rd2 36. Rd6 Rxf2 37. Rd7+ Kf8 38. Bc2 e4 39. Bxe4 Rxb2+
40. Kc1 Rb5 41. Bxg6 Be7 42. a4 Rxc5+ 43. Kd2 b6 44. Rb7 Rd5+ 45. Kc2 Bc5 46.
Be4 Re5 47. Bxc6 Bf2 1/2-1/2

[Event "XXIX CIUTAT DE CULLERA - VI Magistral"]
[Site "Cullera"]
[Date "2012.08.27"]
[Round "4"]
[White "Garcia, Jhoel"]
[Black "Navarrete Espi, Samuel"]
[Result "1-0"]
[WhiteElo "2365"]
[BlackElo "2176"]
[PlyCount "57"]
[EventDate "2012.08.25"]
[EventRounds "9"]
[EventCountry "ESP"]

1. d4 Nf6 2. c4 g6 3. g3 Bg7 4. Bg2 O-O 5. Nf3 c6 6. O-O d6 7. Nc3 Qb6 8. e4
Bg4 9. h3 Bxf3 10. Bxf3 c5 11. e5 Nfd7 12. Nd5 Qd8 13. Bg5 f6 14. exf6 exf6 15.
Bf4 Nb6 16. dxc5 dxc5 17. Nc7 Nc6 18. Nxa8 Qxa8 19. Bxc6 bxc6 20. Qd6 Qc8 21.
Qxc5 Qxh3 22. Qxc6 Rc8 23. Qg2 Qg4 24. b3 g5 25. Be3 f5 26. Rad1 Qh5 27. c5 f4
28. cxb6 fxe3 29. Qd5+ 1-0

[Event "XXIX CIUTAT DE CULLERA - VI Magistral"]
[Site "Cullera"]
[Date "2012.08.27"]
[Round "4"]
[White "Kovacevic, Slobodan"]
[Black "Cruz Lledo, Pablo"]
[Result "1/2-1/2"]
[WhiteElo "2300"]
[BlackElo "2303"]
[PlyCount "108"]
[EventDate "2012.08.25"]
[EventRounds "9"]
[EventCountry "ESP"]

1. d4 Nf6 2. Nf3 e6 3. Bf4 c5 4. e3 Qb6 5. Qc1 Nc6 6. c3 d5 7. h3 Bd7 8. Nbd2
Rc8 9. Qb1 Na5 10. dxc5 Qxc5 11. b4 Qxc3 12. bxa5 Ne4 13. Bb5 Bb4 14. Bxd7+
Kxd7 15. O-O Nxd2 16. Nxd2 Qxd2 17. a3 Bd6 18. Qxb7+ Rc7 19. Qb5+ Ke7 20. Bxd6+
Kxd6 21. e4 d4 22. Rad1 Qc3 23. Qh5 f6 24. e5+ fxe5 25. Rfe1 Qc5 26. Qg4 Rf8
27. Re4 Rf5 28. f4 Rxf4 29. Rxf4 exf4 30. Qxf4+ e5 31. Qf8+ Re7 32. Qd8+ Rd7
33. Qf8+ Kc6 34. Qc8+ Kd6 35. Qf8+ Re7 36. Qd8+ Ke6 37. Qg8+ Kd7 38. Rb1 d3+
39. Kh2 e4 40. Rb8 Qc7+ 41. Kh1 Qc1+ 42. Kh2 Qc7+ 43. Kh1 Kd6 44. Rd8+ Rd7 45.
Qf8+ Kc6 46. Rc8 d2 47. Rxc7+ Kxc7 48. Qc5+ Kb8 49. Qb5+ Kc8 50. Qc5+ Kd8 51.
Qf8+ Kc7 52. Qc5+ Kb8 53. Qb5+ Kc8 54. Qc5+ Kd8 1/2-1/2

[Event "XXIX CIUTAT DE CULLERA - VI Magistral"]
[Site "Cullera"]
[Date "2012.08.27"]
[Round "4"]
[White "Navarro, Ortiz De Orruno Borj"]
[Black "Alcaraz Ortega, Javier"]
[Result "1/2-1/2"]
[WhiteElo "2358"]
[BlackElo "2331"]
[PlyCount "41"]
[EventDate "2012.08.25"]
[EventRounds "9"]
[EventCountry "ESP"]

1. d4 d5 2. c4 c6 3. Nf3 Nf6 4. Qb3 dxc4 5. Qxc4 Bf5 6. Nc3 e6 7. g3 Nbd7 8.
Bg2 Qb6 9. O-O Qb4 10. Qxb4 Bxb4 11. a3 Ba5 12. b4 Bb6 13. Na4 Bc7 14. Nc5 Nxc5
15. bxc5 Be4 16. Bf4 Bxf4 17. gxf4 Nd5 18. e3 Bxf3 19. Bxf3 Kd7 20. Rfb1 Rab8
21. Rb3 1/2-1/2

[Event "XXIX CIUTAT DE CULLERA - VI Magistral"]
[Site "Cullera"]
[Date "2012.08.28"]
[Round "5"]
[White "Alcaraz Ortega, Javier"]
[Black "Montoliu Cervero, Francisco"]
[Result "1-0"]
[WhiteElo "2331"]
[BlackElo "2270"]
[PlyCount "135"]
[EventDate "2012.08.25"]
[EventRounds "9"]
[EventCountry "ESP"]

1. d4 Nf6 2. Bf4 e6 3. e3 c5 4. c3 b6 5. Nf3 Bb7 6. Bd3 Be7 7. h3 O-O 8. O-O d6
9. Nbd2 cxd4 10. cxd4 a6 11. Qe2 Nc6 12. a3 Re8 13. Bh2 b5 14. e4 Nd7 15. Rad1
Bf6 16. Nb3 e5 17. d5 Ne7 18. Qd2 Qb6 19. Na5 Rac8 20. b4 Ba8 21. Rc1 Rxc1 22.
Rxc1 Rc8 23. Rc2 Qb8 24. Kf1 Nb6 25. Qc1 Rxc2 26. Qxc2 Qc8 27. Qxc8+ Nexc8 28.
Bc2 Kf8 29. Ke2 Ke8 30. Ne1 Bd8 31. f3 Kd7 32. Nd3 f5 33. Bb3 fxe4 34. fxe4 Bf6
35. Bg1 Kc7 36. Be3 Bb7 37. Nc5 dxc5 38. bxc5 Nc4 39. Bxc4 bxc4 40. Kd2 Ne7 41.
d6+ Kb8 42. dxe7 Bxe7 43. Nxb7 Kxb7 44. Kc3 Kc6 45. Kxc4 Bd8 46. Kb4 h5 47. a4
g6 48. Kc4 Be7 49. Bf2 Bd8 50. Bg3 Bf6 51. Kb4 Kb7 52. Bh2 Bg7 53. Ka5 Bf6 54.
c6+ Kxc6 55. Kxa6 g5 56. Ka5 Kc5 57. Bg1+ Kc4 58. Ka6 Bd8 59. a5 Bxa5 60. Kxa5
Kd3 61. Kb4 Kxe4 62. Kc3 Kf4 63. Bf2 e4 64. Kd4 g4 65. hxg4 e3 66. Be1 Kxg4 67.
Kxe3 h4 68. Bxh4 1-0

[Event "XXIX CIUTAT DE CULLERA - VI Magistral"]
[Site "Cullera"]
[Date "2012.08.28"]
[Round "5"]
[White "Cruz Lledo, Pablo"]
[Black "Navarro, Ortiz De Orruno Borj"]
[Result "0-1"]
[WhiteElo "2303"]
[BlackElo "2358"]
[PlyCount "160"]
[EventDate "2012.08.25"]
[EventRounds "9"]
[EventCountry "ESP"]

1. d4 d5 2. c4 c6 3. Nf3 Nf6 4. Nc3 a6 5. cxd5 cxd5 6. Bf4 Nc6 7. e3 Qb6 8. a3
e6 9. Nd2 Be7 10. Na4 Qd8 11. Rc1 O-O 12. Bd3 Bd6 13. Bxd6 Qxd6 14. f4 Rb8 15.
O-O Bd7 16. Nc5 a5 17. g4 g6 18. g5 Nh5 19. Nf3 f6 20. gxf6 Nxf6 21. Ne5 Be8
22. Qc2 Qe7 23. Qd2 b6 24. Na6 Rc8 25. b4 axb4 26. Nxb4 Na7 27. Qg2 Bb5 28. Qe2
Bxd3 29. Qxd3 Qb7 30. Qe2 Kg7 31. Nf3 Ne4 32. Ng5 Nxg5 33. fxg5 Rxc1 34. Rxc1
Qe7 35. h4 h6 36. Qh2 Rf7 37. Qe5+ Kh7 38. Nd3 Qxa3 39. Qxe6 Rg7 40. gxh6 Kxh6
41. Rd1 Qe7 42. Qxe7 Rxe7 43. Ne5 g5 44. hxg5+ Kxg5 45. Kf2 Rh7 46. Nd3 Kf5 47.
Rb1 Ke4 48. Ke2 Nc8 49. Rg1 Rh2+ 50. Nf2+ Kf5 51. Kf3 Nd6 52. Rg8 Rh7 53. Rd8
Ke6 54. Nd3 Rh3+ 55. Ke2 Rh2+ 56. Kf3 Rh3+ 57. Ke2 Rh2+ 58. Ke1 Ke7 59. Rb8 Nc4
60. Nf4 Nxe3 61. Rxb6 Ng2+ 62. Nxg2 Rxg2 63. Ra6 Rg4 64. Ra4 Ke6 65. Ke2 Kf5
66. Kf3 Rh4 67. Kg3 Rf4 68. Rb4 Ke4 69. Ra4 Rf3+ 70. Kg2 Rd3 71. Kf2 Rxd4 72.
Ra3 Rd3 73. Ra4+ d4 74. Ke2 Rh3 75. Ra8 Rh2+ 76. Kd1 Ke3 77. Rb8 Rh1+ 78. Kc2
d3+ 79. Kc3 Rc1+ 80. Kb2 d2 0-1

[Event "XXIX CIUTAT DE CULLERA - VI Magistral"]
[Site "Cullera"]
[Date "2012.08.28"]
[Round "5"]
[White "Navarrete Espi, Samuel"]
[Black "Kovacevic, Slobodan"]
[Result "1-0"]
[WhiteElo "2176"]
[BlackElo "2300"]
[PlyCount "71"]
[EventDate "2012.08.25"]
[EventRounds "9"]
[EventCountry "ESP"]

1. e4 c5 2. Nf3 e6 3. d4 cxd4 4. Nxd4 a6 5. Nc3 Qc7 6. Bd3 Nf6 7. Qe2 d6 8. f4
Nbd7 9. Bd2 g6 10. Bc4 Nb6 11. Bb3 Bg7 12. O-O-O O-O 13. f5 e5 14. Nf3 gxf5 15.
Rdf1 Nxe4 16. Nxe4 fxe4 17. Ng5 d5 18. Qh5 h6 19. Nxe4 Qc6 20. Bb4 Bd7 21. Rf3
f5 22. Bxf8 Rxf8 23. Nc3 Kh7 24. Rd1 d4 25. Ne2 a5 26. Rg3 f4 27. Rxg7+ Kxg7
28. Qxe5+ Qf6 29. Qxa5 Bg4 30. Re1 Re8 31. Nxd4 Rxe1+ 32. Qxe1 Qxd4 33. Qe7+
Kg6 34. Bf7+ Kf5 35. Qe6+ Kg5 36. Qg6+ 1-0

[Event "XXIX CIUTAT DE CULLERA - VI Magistral"]
[Site "Cullera"]
[Date "2012.08.28"]
[Round "5"]
[White "Camarena Gimenez, Rufino"]
[Black "Garcia, Jhoel"]
[Result "1/2-1/2"]
[WhiteElo "2396"]
[BlackElo "2365"]
[PlyCount "110"]
[EventDate "2012.08.25"]
[EventRounds "9"]
[EventCountry "ESP"]

1. d4 Nf6 2. c4 e6 3. Nf3 Bb4+ 4. Bd2 a5 5. g3 b6 6. Bg2 Bb7 7. O-O O-O 8. Nc3
d6 9. Rc1 Nbd7 10. d5 Bxc3 11. Bxc3 exd5 12. Nh4 c6 13. cxd5 Nxd5 14. Bxd5 cxd5
15. Nf5 Nf6 16. Qd2 Ne8 17. Rfd1 f6 18. Qf4 Qd7 19. Rd3 Rf7 20. g4 Rc8 21. Rcd1
Rc4 22. Rd4 Qe6 23. R1d3 Rc6 24. Qe3 Nc7 25. Qg3 Nb5 26. Re3 Qd7 27. Rd1 Rc4
28. b3 Rxc3 29. Rxc3 Nxc3 30. Qxc3 Rf8 31. f3 Re8 32. Nd4 Qe7 33. Qd2 Qe5 34.
Rc1 h5 35. gxh5 Qxh5 36. Rc7 Ba6 37. Ra7 Bc8 38. Rc7 Bh3 39. Qf4 Qe5 40. Qd2
Qh5 41. Qf4 Qg6+ 42. Kf2 Qg2+ 43. Ke1 Qg1+ 44. Kd2 Rc8 45. Rxc8+ Bxc8 46. Qe3
Qxe3+ 47. Kxe3 Kf7 48. Nb5 Ke7 49. Nc7 Bb7 50. Kd4 Kd7 51. Nxd5 b5 52. a3 Bc6
53. b4 axb4 54. axb4 Ke6 55. Ne3 g6 1/2-1/2